00180nam a22000857a 4500082001500000100001200015245005000027260000900077300000800086 a658.567YEN aYen T F arecycling and disposal of solid wastes bodies c1974 a372